000 00715nam a2200289Ia 4500
005 20260324134610.0
008 008 260324s9999 xx 000 0 eng d
020 _a9781410607881
037 _aEBOOK
040 _aCRL
040 _beng
040 _cCRL
041 _2eng
041 _aeng
084 _qCRL
100 _aJohn A. Barnden; Mark G. Lee
_91197430
245 0 _aMetaphor and Artificial Intelligence
245 2 _bA Special Double Issue of metaphor and Symbol
260 _bTaylor and Francis
260 _c2001
365 _a
365 _b200
856 _uhttp://www.taylorfrancis.com/books/9781410607881
942 _cEBOOK
999 _c1797692
_d1797692